LDR 00950naa#a2200181#i#450# 001 RU\\bibl\120522 005 20260417215940.5 011 ## _a2073-5537 100 ## _a20260416b2026####ek#y0rusy0150####ca 102 ## _aRU 200 1# _aВлияние рабочих ценностей на организационное гражданское поведение сотрудников в российских организациях _eЖурнальная статья 210 1# _aАстрахань _cАстраханский государственный технический университет _d2026 215 ## _a10 с. 608 ## _aЖурнальная статья _2local 675 ## _aОтношение к труду. Мотивация труда. Трудовая мораль.Стимулы к труду.. 331.101.3 _z 700 #1 _aМэй _gШэнцзюнь 700 #1 _aСуслин _gВячеслав Михайлович 856 4# _avestnik.astu.org _u